Catalog

Record Details

Catalog Search



The luck uglies #1 / Paul Durham ; illustrations ... Read More

Series: Luck Uglies ; 1

Available copies

  • 3 of 3 copies available at LARL/NWRL Consortium.
  • 2 of 2 copies available at Lake Agassiz Regional Library. (Show preferred library)

Current holds

0 current holds with 3 total copies.

Show Only Available Copies
Location Call Number / Copy Notes Barcode Shelving Location Status Due Date
Ada Public Library J DUR (Text) 33500011891967 Main Available -
Moorhead Public Library J DUR (Text) 33500013121538 Main Available -
Roseau Public Library j DUR (Text) 35500005401383 Main Available -

Record details

  • ISBN: 9780062271501 (hardback)
  • ISBN: 0062271504 (hardback)
  • ISBN: 9780062271518
  • Physical Description: 387 pages : illustrations, map ; 22 cm
  • Edition: First edition.
  • Publisher: New York, NY : Harper, an imprint of HarperCollinsPublishers, 2014

Content descriptions

General Note:
"1"--Spine.
Summary, etc.:
Eleven-year-old Rye O'Chanter and her two friends ... Read More
Subject: Monsters > Juvenile fiction.
Secret societies > Juvenile fiction.
Monsters > Fiction.
Secret societies > Fiction.
Adventure and adventurers > Fiction.
Fantasy.
JUVENILE FICTION / Fantasy & Magic.
JUVENILE FICTION / Action & Adventure / General.
JUVENILE FICTION / Legends, Myths, Fables / Other.
Genre: Adventure fiction.
Fantasy fiction.
LDR 02371cam a22005538i 4500
001165738
003LARL_NWRL_CONSORTIUM
00520190906195132.0
008131211s2014 nyuab c 000 1 eng
010 . ‡a2013047720
020 . ‡a9780062271501 (hardback)
020 . ‡a0062271504 (hardback)
020 . ‡a9780062271518 ‡q(paperback)
035 . ‡a(OCoLC)859586177
040 . ‡aDLC ‡beng ‡erda ‡cDLC ‡dBTCTA ‡dBDX ‡dOCLCO ‡dFOLLT ‡dVP@
042 . ‡apcc ‡alcac
08200. ‡a[Fic] ‡223
084 . ‡aJUV037000 ‡aJUV001000 ‡aJUV022040 ‡2bisacsh
1001 . ‡aDurham, Paul ‡q(Paul Joseph), ‡d1972- ‡eauthor. ‡0(LARL_NWRL_CONSORTIUM)221474
24514. ‡aThe luck uglies ‡n#1 / ‡cPaul Durham ; illustrations by Pétur Antonsson.
250 . ‡aFirst edition.
260 . ‡aNew York, NY : ‡bHarper, an imprint of HarperCollinsPublishers, ‡c2014
300 . ‡a387 pages : ‡billustrations, map ; ‡c22 cm
336 . ‡atext ‡2rdacontent
337 . ‡aunmediated ‡2rdamedia
338 . ‡avolume ‡2rdacarrier
4900 . ‡aLuck Uglies ; ‡v1
500 . ‡a"1"--Spine.
520 . ‡aEleven-year-old Rye O'Chanter and her two friends delve into the secret lore of their village when mysterious creatures of legend reappear on the night of the Black Moon, leading them to the notorious secret society, the Luck Uglies.
650 0. ‡aMonsters ‡vJuvenile fiction. ‡0(LARL_NWRL_CONSORTIUM)166253
650 0. ‡aSecret societies ‡vJuvenile fiction.
650 1. ‡aMonsters ‡vFiction. ‡0(LARL_NWRL_CONSORTIUM)166252
650 1. ‡aSecret societies ‡vFiction. ‡0(LARL_NWRL_CONSORTIUM)167312
650 1. ‡aAdventure and adventurers ‡vFiction. ‡0(LARL_NWRL_CONSORTIUM)175858
650 1. ‡aFantasy. ‡0(LARL_NWRL_CONSORTIUM)19981
650 7. ‡aJUVENILE FICTION / Fantasy & Magic. ‡2bisacsh
650 7. ‡aJUVENILE FICTION / Action & Adventure / General. ‡2bisacsh
650 7. ‡aJUVENILE FICTION / Legends, Myths, Fables / Other. ‡2bisacsh
655 7. ‡aAdventure fiction. ‡2gsafd
655 7. ‡aFantasy fiction. ‡2gsafd
7000 . ‡aPétur Antonsson, ‡d1984- ‡eillustrator.
901 . ‡a165738 ‡bOCLC ‡c165738 ‡tbiblio

Additional Resources